| 000 | 00823nam a2200205Ia 4500 | ||
|---|---|---|---|
| 003 | GCL | ||
| 008 | 140319s9999 xx 000 0 ara d | ||
| 040 |
_aGCL / _cGCL |
||
| 082 | 0 | 4 |
_a234.6 _bب ك |
| 100 | 1 | _aالبخارى : ابوعبدالله محمد بن اسماعيل بن ابراهيم بن المغيرة بن بردزيه | |
| 245 | 1 | 0 |
_aكتاب التاريخ الكبير / _cالبخارى : ابوعبدالله محمد بن اسماعيل بن ابراهيم بن المغيرة بن بردزيه |
| 260 |
_a[S.N] : _bدار الكتب العلمية للنشر والتوزيع |
||
| 300 | _a468 ص | ||
| 490 | _a | ||
| 650 | 0 | 4 | _aالاسلام |
| 650 | 0 | 4 | _aالحديث |
| 650 | 0 | 4 | _aطبقات رواة الحديث وحفاظه |
| 650 | 0 | 4 | _aالرواه - تراجم |
| 942 |
_2ddc _cBK |
||
| 999 |
_c53183 _d53183 |
||